[Event "GER-chT Lands U20"]
[Site "Hannover"]
[Date "2023.10.01"]
[Round "1"]
[White "Windmueller, Simon"]
[Black "Bosselmann, Tom Linus"]
[Result "1/2-1/2"]
[WhiteElo "1915"]
[BlackElo "2106"]
[PlyCount "63"]
[EventDate "2023.10.01"]
[EventType "team-swiss"]
[EventRounds "7"]
[EventCountry "GER"]
[SourceTitle "EXT 2024"]
[Source "ChessBase"]
[SourceDate "2023.10.10"]
[SourceVersion "1"]
[SourceVersionDate "2023.10.10"]
[SourceQuality "1"]

1. Nf3 Nf6 2. d4 g6 3. Bg5 Bg7 4. Nbd2 d5 5. e3 b6 6. Be2 Bb7 7. c3 Nbd7 8. h3 0-0 9. 0-0 Ne4 10. Nxe4 dxe4 11. Nd2 f6 12. Bh4 Kh8 13. f3 exf3 14. Bxf3 Bxf3 15. Nxf3 Qe8 16. Bg3 e5 17. dxe5 fxe5 18. Qd5 Qe7 19. Bh4 Nf6 20. Qxe5 Qxe5 21. Nxe5 Rae8 22. Bxf6 Rxf6 23. Rxf6 Bxf6 24. Nc6 Rxe3 25. Nxa7 Re2 26. Rb1 h5 27. Nb5 Be5 28. Na3 Bg3 29. Nc4 b5 30. Na5 Bf2+ 31. Kh1 c5 32. Nc6 1/2-1/2

[Event "GER-ch Net blitz qual4"]
[Site "Playchess.com INT"]
[Date "2020.03.23"]
[Round "6"]
[White "Baum, Bernhard"]
[Black "Windmueller, Simon"]
[Result "1-0"]
[WhiteElo "1666"]
[BlackElo "1467"]
[PlyCount "45"]
[EventDate "2020.03.23"]
[EventType "swiss (blitz)"]
[EventRounds "9"]
[EventCountry "GER"]
[SourceTitle "CBM 195 Extra"]
[Source "ChessBase"]
[SourceDate "2020.05.31"]
[SourceVersion "1"]
[SourceVersionDate "2020.05.31"]
[SourceQuality "1"]

1. d4 Nf6 2. Bf4 e6 3. e3 b6 4. Bd3 Bb7 5. Nf3 d5 6. Nbd2 Nbd7 7. Ne5 c5 8. c3 c4 9. Bc2 Nxe5 10. Bxe5 Bd6 11. f4 0-0 12. 0-0 Be7 13. Rf3 Nd7 14. Rh3 h6 15. Bxg7 Kxg7 16. Qh5 f5 17. Qxh6+ Kf7 18. Qh5+ Kf6 19. Rg3 Rg8 20. Qh6+ Kf7 21. Qh7+ Kf6 22. Rh3 Rh8 23. Rh6# 1-0

[Event "GER-ch Net blitz qual4"]
[Site "Playchess.com INT"]
[Date "2020.03.23"]
[Round "8"]
[White "Hendrich, Daniel"]
[Black "Windmueller, Simon"]
[Result "1-0"]
[WhiteElo "1883"]
[BlackElo "1467"]
[PlyCount "60"]
[EventDate "2020.03.23"]
[EventType "swiss (blitz)"]
[EventRounds "9"]
[EventCountry "GER"]
[SourceTitle "CBM 195 Extra"]
[Source "ChessBase"]
[SourceDate "2020.05.31"]
[SourceVersion "1"]
[SourceVersionDate "2020.05.31"]
[SourceQuality "1"]

1. e4 c5 2. Nf3 d6 3. d4 cxd4 4. Nxd4 Nf6 5. Nc3 g6 6. f3 Bg7 7. Be3 0-0 8. Qd2 Nc6 9. 0-0-0 Bd7 10. g4 Ne5 11. h4 h5 12. g5 Ne8 13. f4 Ng4 14. f5 Nxe3 15. Qxe3 Qb6 16. Nd5 Qd8 17. Bc4 Rc8 18. Bb3 Bc6 19. fxg6 fxg6 20. Nxe7+ Kh7 21. Nxc8 Qxc8 22. Nxc6 Qxc6 23. c3 Nc7 24. Rhf1 Re8 25. Rde1 d5 26. exd5 Rxe3 27. dxc6 Rxe1+ 28. Rxe1 bxc6 29. Re7 Nd5 30. Bxd5 cxd5 1-0

[Event "GER-ch Net blitz qual4"]
[Site "Playchess.com INT"]
[Date "2020.03.23"]
[Round "1"]
[White "Windmueller, Simon"]
[Black "Schmitt, Carsten1111"]
[Result "0-1"]
[WhiteElo "1467"]
[BlackElo "1844"]
[PlyCount "60"]
[EventDate "2020.03.23"]
[EventType "swiss (blitz)"]
[EventRounds "9"]
[EventCountry "GER"]
[SourceTitle "CBM 195 Extra"]
[Source "ChessBase"]
[SourceDate "2020.05.31"]
[SourceVersion "1"]
[SourceVersionDate "2020.05.31"]
[SourceQuality "1"]

1. e4 e6 2. d4 d5 3. exd5 exd5 4. Nc3 Nf6 5. Bd3 c5 6. Be3 c4 7. Be2 Bb4 8. Bd2 0-0 9. Nf3 Bxc3 10. Bxc3 Ne4 11. 0-0 Nxc3 12. bxc3 Qa5 13. Qd2 Nd7 14. Ne5 Nb6 15. Rfb1 Na4 16. Rb4 Bf5 17. Bg4 Bxg4 18. Nxg4 b5 19. Ne5 a6 20. Nc6 Qc7 21. Ne5 f6 22. Nf3 Rfe8 23. Re1 Rxe1+ 24. Qxe1 Qd7 25. Qd2 Re8 26. h3 Qe7 27. a3 Qe2 28. Qc1 Nxc3 29. Qa1 Nd1 30. Rb3 Qxf2+ 0-1

[Event "GER-ch Net blitz qual3"]
[Site "Playchess.com INT"]
[Date "2020.03.21"]
[Round "7"]
[White "Reich, Jason"]
[Black "Windmueller, Simon"]
[Result "1-0"]
[WhiteElo "1529"]
[BlackElo "1620"]
[PlyCount "106"]
[EventDate "2020.03.21"]
[EventType "swiss (blitz)"]
[EventRounds "9"]
[EventCountry "GER"]
[SourceTitle "CBM 195 Extra"]
[Source "ChessBase"]
[SourceDate "2020.05.31"]
[SourceVersion "1"]
[SourceVersionDate "2020.05.31"]
[SourceQuality "1"]

1. d4 Nf6 2. c4 e6 3. Nf3 Bb4+ 4. Bd2 Bxd2+ 5. Nbxd2 b6 6. Qc2 Bb7 7. e4 d5 8. e5 Nfd7 9. Bd3 c5 10. cxd5 Bxd5 11. dxc5 Nxc5 12. Bxh7 g6 13. Bxg6 fxg6 14. Qxg6+ Kf8 15. Ng5 Qe7 16. f3 Qg7 17. Qxg7+ Kxg7 18. Nh3 Nd3+ 19. Ke2 Nxe5 20. Nf4 Nbd7 21. Rac1 Rac8 22. b3 Ng6 23. Nxg6 Kxg6 24. h3 Ne5 25. Rhg1 Nc6 26. Ne4 Bxe4 27. fxe4 Nd4+ 28. Ke3 e5 29. Rgf1 Rhf8 30. Rg1 Nc2+ 31. Kd2 Rfd8+ 32. Ke2 Nd4+ 33. Ke3 Nc2+ 34. Ke2 Nd4+ 35. Ke3 Rc2 36. Rxc2 Nxc2+ 37. Ke2 Nb4 38. a3 Nc2 39. Rc1 Nxa3 40. Rc7 a5 41. Rc6+ Kg5 42. Rxb6 Rd4 43. Ke3 Nc2+ 44. Kf3 Ne1+ 45. Kf2 Rxe4 46. Rb5 Nd3+ 47. Kf3 a4 48. Kxe4 Nf2+ 49. Kf3 axb3 50. Kxf2 Kf4 51. Rxb3 e4 52. Rb4 Ke5 53. Ke3 Kd5 1-0

[Event "GER-ch Net blitz qual3"]
[Site "Playchess.com INT"]
[Date "2020.03.21"]
[Round "8"]
[White "Windmueller, Simon"]
[Black "Gremmer, Dieter"]
[Result "0-1"]
[WhiteElo "1620"]
[BlackElo "1720"]
[PlyCount "80"]
[EventDate "2020.03.21"]
[EventType "swiss (blitz)"]
[EventRounds "9"]
[EventCountry "GER"]
[SourceTitle "CBM 195 Extra"]
[Source "ChessBase"]
[SourceDate "2020.05.31"]
[SourceVersion "1"]
[SourceVersionDate "2020.05.31"]
[SourceQuality "1"]

1. e4 e6 2. d4 d5 3. exd5 exd5 4. Nf3 Nc6 5. Bd3 Nf6 6. Nc3 Be7 7. Be3 0-0 8. 0-0 h6 9. h3 Be6 10. Re1 Qd7 11. Qd2 Nb4 12. Bb5 c6 13. Ba4 Ne4 14. Nxe4 dxe4 15. Ne5 Qc7 16. c3 Nd5 17. Bb3 Nxe3 18. Qxe3 Bxb3 19. axb3 Bf6 20. Qxe4 Rfe8 21. Qf3 Bxe5 22. dxe5 Rxe5 23. Re4 Rae8 24. Rae1 Rxe4 25. Rxe4 Rxe4 26. Qxe4 Qd8 27. Qe3 Qd1+ 28. Kh2 Qxb3 29. Qe8+ Kh7 30. Qe4+ g6 31. Qe7 Kg7 32. Qe5+ Kg8 33. Qe8+ Kh7 34. Qe7 a5 35. Qc7 a4 36. Qe7 b5 37. Qc7 Qe6 38. Qb7 Kg7 39. Qa7 Qe5+ 40. Kg1 Qd5 0-1